000
00420nam a2200133Ia 4500
008
100328s9999 xx 000 0 und d
082
_b
60286
100
_a
दाते हेमंत
245
_a
निसर्ग बोलतोय...-2.
260
_b
गं्रथाली.
630
_a
निसर्ग बोलतोय...-2.
730
_a
निसर्ग बोलतोय...-2.
942
_c
BOOK
999
_c
546448
_d
546445